000 01176nam0a22002531 4500
001 rc\2845725
005 20260407115551.0
035 _a(NLR Aleph) 007001576
090 _a5726266
_c5726266
100 _a20110630d1928 |||y0rusy50 ca
101 0 _arus
102 _aRU
105 _aa b |||||
200 1 _aКаталог Выставки осветительных приборов конца XVIII и начала XIX вв.
_fМузейный п/отд. М.О.Н.О. Музей-усадьба "Останкино"
210 _a[Москва]
_cМузей
_d1928
_gтип. пром.-кооп. т-ва "Новое просвещение"
215 _a48 с.
_cил.
_d17х13 см
300 _aВступительный текст: К. Виноградов
702 1 _aВиноградов
_bК.
_4080
710 0 2 _aОстанкинский дворец-музей творчества крепостных
_bВыставка осветительных приборов конца XVIII и начала XIX века
_f1928
_9637156
_3RU\NLR\AUTH\8810067783
801 0 _aRU
_bNLR
_gpsbo
801 1 _aRU
_bELAR
_2rusmarc
852 _aNLR
_j62/4229
942 _cBOOK
980 _aNB